000 01831pam a2200457 i 4500
001 zcodcb b8713327
003 DLC
005 20250416160046.0
007 t|
008 241126s2025 nyua c b 000 1 eng
010 _a 2024004972
020 _a9781665915182
_qhardcover
020 _a1665915188
040 _aDLC
_beng
_erda
_cDLC
_dDLC
_dIMmBT
042 _apcc
_acyac
043 _an-us---
_an-mx---
092 _ajunior fiction
_bOtheguy
100 1 _aOtheguy, Emma,
_eauthor.
_4aut.
_96370018
245 1 0 _aCousins in the time of magic /
_cEmma Otheguy ; illustrated by Poly Bernatene.
250 _aFirst edition.
264 1 _aNew York :
_bAtheneum Books for Young Readers,
_c[2025]
300 _a228 pages :
_billustrations ;
_c22 cm.
336 _atext
336 _astill image
337 _aunmediated
338 _avolume
504 _aIncludes bibliographical references (pages 221-228).
520 _aThree cousins venture through time to 1862 where they must deliver their aunt's mysterious sword to General Ignacio Zaragoza in time for the Battle of Puebla in Mexico.
521 _aAges 8 to 12.
_bAtheneum Books for Young Readers.
650 1 _aCousins
_vFiction.
650 1 _aTime travel
_vFiction.
_95674119
650 1 _aHispanic Americans
_vFiction.
_95692790
650 1 _aPuebla, Battle of, Puebla de Zaragoza, Mexico, 1862
_vFiction.
_96543363
651 1 _aUnited States
_xHistory
_yCivil War, 1861-1865
_vFiction.
_95675381
651 1 _aMexico
_xHistory
_yEuropean intervention, 1861-1867
_vFiction.
_96523445
655 7 _aPortal fantasy fiction.
_2lcgft.
_96492727
655 7 _aHistorical fiction.
_2lcgft.
655 7 _aNovels.
_2lcgft.
700 1 _aBernatene, Poly,
_eillustrator.
_95704208
942 _2ddc
_cBOOK
999 _c407089
_d407089